| 000 | 00751cam a2200241 a 4500 | ||
|---|---|---|---|
| 001 | 3351625 | ||
| 003 | NUST - PNEC | ||
| 005 | 20170116181056.0 | ||
| 008 | 860716s1987 caua 001 0 eng | ||
| 010 | _a 86018706 | ||
| 020 | _a0137291043 (pbk.) | ||
| 040 |
_aDLC _cLIBRARY _dDLC |
||
| 050 | 0 | 0 |
_aQA76.6 _b.B66 1987 |
| 082 | 0 | 0 |
_a005.1 BOR _219 |
| 100 | 1 |
_aBornat, Richard, _d1944- |
|
| 245 | 1 | 0 |
_aProgramming from first principles / _cRichard Bornat. |
| 260 |
_aEnglewood Cliffs, NJ : _bPrentice-Hall International, _cc1987. |
||
| 300 |
_axviii, 538 p. : _bill. ; _c23 cm. |
||
| 440 | 0 | _aPrentice-Hall International series in computer science | |
| 500 | _aIncludes indexes. | ||
| 650 | 0 |
_aComputer programming. _xCOMPUTER |
|
| 942 |
_2ddc _cBK |
||
| 999 |
_c68566 _d68566 |
||